000 00717nam a2200205 i 4500
001 118301
003 ES-MaACL
005 20230906191053.0
007 t|
008 070214s1928 sp r ||||1| spa d
080 _a946.0"1923/30"
100 1 _aPemartín, José.
_990131
245 1 4 _aLos valores históricos en la dictadura española /
_cJosé Pemartín ; prólogo del general Primo de Rivera.
260 _aMadrid :
_bEditorial de Arte y Ciencia,
_c1928.
300 _a656 p., [7] h. pleg. de lám. :
_bil. ;
_c21 cm.
651 4 _aEspaña-
_xHistoria-
_y1923-1930, Dictadura.
_98281
700 1 _aPrimo de Rivera, Miguel,
_d1870-1930
_9154406
852 _aES-MaACL
_jG-14142
999 _c118301
_d118301